[Event "Australian op"]
[Site "Cammeray"]
[Date "2013.01.03"]
[Round "2"]
[White "Rachmadi, Herman"]
[Black "Papantoniou, John"]
[Result "0-1"]
[WhiteElo "1839"]
[BlackElo "2058"]
[PlyCount "66"]
[EventDate "2013.01.02"]
[EventType "swiss"]
[EventRounds "11"]
[EventCountry "AUS"]
[SourceTitle "CBM 152 Extra"]
[Source "ChessBase"]
[SourceDate "2013.02.25"]
[SourceVersion "1"]
[SourceVersionDate "2013.02.25"]
[SourceQuality "1"]

1. d4 Nf6 2. c4 e6 3. Nc3 Bb4 4. Qc2 d5 5. e3 0-0 6. Nf3 b6 7. cxd5 Qxd5 8. Bd2 Bxc3 9. Bxc3 Bb7 10. Bd3 a5 11. 0-0 Na6 12. Rfd1 Rfc8 13. a3 Qh5 14. e4 c5 15. Qe2 cxd4 16. Bxd4 Nc5 17. Bxc5 Qxc5 18. h3 Nd7 19. Bb5 Ne5 20. Nxe5 Qxe5 21. f3 g6 22. Rd7 Bc6 23. Bxc6 Rxc6 24. f4 Qxf4 25. Rad1 Rac8 26. Qf3 Qxf3 27. gxf3 Rc1 28. Rd8+ Rxd8 29. Rxc1 Rd2 30. Rb1 Rd3 31. Kf2 Rb3 32. e5 b5 33. Kg3 a4 0-1

[Event "Sydney op"]
[Site "Parramatta"]
[Date "2010.04.10"]
[Round "7"]
[White "Rachmadi, Herman"]
[Black "Samar, Raul"]
[Result "0-1"]
[WhiteElo "1823"]
[BlackElo "2235"]
[PlyCount "60"]
[EventDate "2010.04.07"]
[EventType "swiss"]
[EventRounds "9"]
[EventCountry "AUS"]
[SourceTitle "CBM 135 Extra"]
[Source "ChessBase"]
[SourceDate "2010.05.04"]
[SourceVersion "1"]
[SourceVersionDate "2010.05.04"]
[SourceQuality "1"]

1. d4 Nf6 2. c4 e6 3. Nc3 Bb4 4. Qc2 c5 5. e3 0-0 6. Nf3 b6 7. Be2 Bb7 8. Bd2 d6 9. 0-0 cxd4 10. exd4 Bxc3 11. Bxc3 Nbd7 12. b4 Qc7 13. Rac1 Rac8 14. Ba1 Ne4 15. Rfd1 f5 16. Qb3 Ndf6 17. c5 Bd5 18. Bc4 bxc5 19. Bxd5 Nxd5 20. dxc5 dxc5 21. Be5 c4 22. Qa4 Qb6 23. Bd4 Qb7 24. a3 a6 25. Ne5 Nf4 26. Kf1 Nxf2 27. Bxf2 Qxg2+ 28. Ke1 Qe4+ 29. Kf1 Qh1+ 30. Bg1 Qg2+ 0-1

[Event "AUS-ch Major"]
[Site "Cammeray"]
[Date "2010.01.13"]
[Round "11"]
[White "Siow Lee, Dylan"]
[Black "Rachmadi, Herman"]
[Result "1-0"]
[WhiteElo "1264"]
[BlackElo "1678"]
[PlyCount "79"]
[EventDate "2010.01.02"]
[EventType "swiss"]
[EventRounds "11"]
[EventCountry "AUS"]
[SourceTitle "EXT 2011"]
[Source "ChessBase"]
[SourceDate "2010.11.26"]
[SourceVersion "1"]
[SourceVersionDate "2010.11.26"]
[SourceQuality "1"]

1. e4 c5 2. d3 Nc6 3. g3 Nf6 4. Bg2 d6 5. f4 e5 6. Nf3 b5 7. 0-0 Be7 8. f5 g6 9. Ne1 gxf5 10. exf5 h5 11. Bxc6+ Bd7 12. Bxa8 Qxa8 13. Nf3 Bxf5 14. Nxe5 Bh3 15. Qf3 d5 16. Re1 h4 17. g4 Qc8 18. Qxh3 Rg8 19. Re2 Nxg4 20. Nxg4 f5 21. Kh1 Rxg4 22. Qe3 Qb7 23. Qxe7+ Qxe7 24. Rxe7+ Kxe7 25. Nc3 Ke6 26. Nxb5 a6 27. Nc7+ Ke5 28. Nxa6 h3 29. Nxc5 Rg2 30. Be3 Rxc2 31. d4+ Kf6 32. b4 Rc3 33. Bf4 Rf3 34. Be5+ Kf7 35. a4 Rf2 36. b5 f4 37. Bxf4 Rxf4 38. b6 Rxd4 39. b7 Rb4 40. a5 1-0

[Event "AUS-ch Major"]
[Site "Cammeray"]
[Date "2010.01.04"]
[Round "3"]
[White "Rachmadi, Herman"]
[Black "Bleicher, Horst"]
[Result "1-0"]
[WhiteElo "1678"]
[BlackElo "1511"]
[PlyCount "127"]
[EventDate "2010.01.02"]
[EventType "swiss"]
[EventRounds "11"]
[EventCountry "AUS"]
[SourceTitle "EXT 2011"]
[Source "ChessBase"]
[SourceDate "2010.11.26"]
[SourceVersion "1"]
[SourceVersionDate "2010.11.26"]
[SourceQuality "1"]

1. d4 Nf6 2. c4 e6 3. Nc3 Bb4 4. Qc2 0-0 5. Bg5 b6 6. f3 d6 7. e4 Nbd7 8. Bd3 e5 9. d5 Bb7 10. Nge2 Rc8 11. a3 Bxc3+ 12. Nxc3 a6 13. 0-0 Qe8 14. f4 h6 15. Bh4 exf4 16. Bxf6 Nxf6 17. Rxf4 Qe5 18. Qf2 Rce8 19. Rf5 Qe7 20. h3 Bc8 21. Rf3 Qe5 22. Rf1 Re7 23. Kh1 Bd7 24. Bc2 Qh5 25. Kg1 Qe5 26. a4 Rc8 27. Rf4 c5 28. dxc6 Rxc6 29. Rxf6 Qxf6 30. Qxf6 gxf6 31. Nd5 Kf8 32. Nxe7 Kxe7 33. b3 Rc5 34. Rf4 a5 35. Rh4 h5 36. Bd1 f5 37. Bxh5 fxe4 38. Rxe4+ Be6 39. Bf3 Kf6 40. Bg4 d5 41. cxd5 Rxd5 42. Bxe6 fxe6 43. Kf2 Rd2+ 44. Kf3 Rb2 45. Re3 e5 46. g4 Rd2 47. h4 Rd4 48. Rc3 Rf4+ 49. Kg3 Rb4 50. Rf3+ Kg6 51. h5+ Kg7 52. g5 Rd4 53. Rc3 Rd7 54. Kf3 Rd4 55. Re3 Rf4+ 56. Kg3 Rf5 57. Re4 Rxg5+ 58. Rg4 Kf6 59. Rxg5 Kxg5 60. Kf3 Kf5 61. Ke3 e4 62. h6 Kg6 63. Kxe4 Kxh6 64. Kd5 1-0

[Event "Oceania zt"]
[Site "Gold Coast"]
[Date "2009.06.22"]
[Round "5"]
[White "Vlietstra, Marc D"]
[Black "Rachmadi, Herman"]
[Result "1-0"]
[WhiteElo "2075"]
[BlackElo "1842"]
[PlyCount "53"]
[EventDate "2009.06.20"]
[EventType "swiss"]
[EventRounds "9"]
[EventCountry "AUS"]
[SourceTitle "CBM 130 Extra"]
[Source "ChessBase"]
[SourceDate "2009.07.02"]
[SourceVersion "2"]
[SourceVersionDate "2009.07.15"]
[SourceQuality "1"]

1. a3 d5 2. Nf3 c5 3. g3 g6 4. Bg2 Bg7 5. d3 Nf6 6. 0-0 0-0 7. Nbd2 Nc6 8. c4 e6 9. b4 Ne4 10. Nb3 Bxa1 11. Nxa1 Nc3 12. Qc2 cxb4 13. axb4 d4 14. b5 Nb4 15. Qb2 a5 16. Nb3 e5 17. Re1 f6 18. Bh6 Re8 19. Qd2 a4 20. Na1 Qd6 21. Rc1 Nba2 22. Rc2 Nb4 23. Rxc3 dxc3 24. Qxc3 Qc5 25. Bd2 e4 26. Ne1 Na2 27. Qb2 1-0

[Event "Oceania zt"]
[Site "Gold Coast"]
[Date "2009.06.20"]
[Round "2"]
[White "Cheng, Bobby Sky"]
[Black "Rachmadi, Herman"]
[Result "1-0"]
[WhiteElo "2103"]
[BlackElo "1842"]
[PlyCount "85"]
[EventDate "2009.06.20"]
[EventType "swiss"]
[EventRounds "9"]
[EventCountry "AUS"]
[SourceTitle "CBM 130 Extra"]
[Source "ChessBase"]
[SourceDate "2009.07.02"]
[SourceVersion "2"]
[SourceVersionDate "2009.07.15"]
[SourceQuality "1"]

1. d4 Nf6 2. c4 g6 3. Nc3 Bg7 4. e4 d6 5. h3 0-0 6. Bg5 h6 7. Be3 e5 8. d5 Ne8 9. Qd2 Kh7 10. g4 a5 11. Bd3 Na6 12. Nf3 Nc5 13. Bc2 c6 14. dxc6 bxc6 15. Bxc5 Qf6 16. Be3 Qxf3 17. Rg1 Ba6 18. Bd1 Qf6 19. g5 hxg5 20. Bxg5 Qe6 21. b3 f6 22. Be3 f5 23. exf5 gxf5 24. Bh5 f4 25. Bb6 Rf6 26. Ne4 Bh6 27. Qd3 Kh8 28. Bxe8 Rxe8 29. Nxf6 Qxf6 30. Rg6 e4 31. Qd4 Qxd4 32. Bxd4+ Kh7 33. Rxd6 Bc8 34. Rxc6 Bxh3 35. 0-0-0 Bg2 36. Bc3 Re7 37. Rdd6 Bg5 38. Rc8 Rg7 39. Bxg7 Kxg7 40. Rc7+ Kf8 41. Rb6 f3+ 42. Kd1 Bd8 43. Rb8 1-0

[Event "Sydney op-A"]
[Site "Parramatta"]
[Date "2009.04.18"]
[Round "8"]
[White "Rachmadi, Herman"]
[Black "Forster, William"]
[Result "0-1"]
[WhiteElo "1842"]
[BlackElo "1963"]
[PlyCount "80"]
[EventDate "2009.04.15"]
[EventType "swiss"]
[EventRounds "9"]
[EventCountry "AUS"]
[SourceTitle "CBM 129 Extra"]
[Source "ChessBase"]
[SourceDate "2009.05.05"]
[SourceVersion "2"]
[SourceVersionDate "2009.05.20"]
[SourceQuality "1"]

1. d4 Nf6 2. c4 e6 3. Nc3 Bb4 4. Qc2 Nc6 5. Nf3 0-0 6. Bg5 h6 7. Bh4 b6 8. e3 Bb7 9. Be2 a6 10. g4 Na5 11. a3 Be4 12. Qxe4 Bxc3+ 13. bxc3 Nxe4 14. Bxd8 Rfxd8 15. Rc1 b5 16. Bd3 Nf6 17. cxb5 axb5 18. e4 Nb3 19. Rb1 Rxa3 20. 0-0 Rda8 21. Rfe1 c6 22. h3 Kf8 23. Kg2 Ke7 24. Rb2 Na5 25. Rc1 Nb7 26. Ne5 Ra2 27. Rcb1 Rxb2 28. Rxb2 Nd6 29. Nxc6+ dxc6 30. e5 Ra3 31. exf6+ Kxf6 32. Rc2 b4 33. f3 Rxc3 34. Rxc3 bxc3 35. Kf2 Kg5 36. Ke3 Kh4 37. Bc2 Kxh3 38. Kd3 Nb5 39. Bd1 Kg3 40. Kc4 c2 0-1

[Event "Sydney op-A"]
[Site "Parramatta"]
[Date "2009.04.15"]
[Round "2"]
[White "Rachmadi, Herman"]
[Black "Voon, Richard"]
[Result "0-1"]
[WhiteElo "1842"]
[BlackElo "2006"]
[PlyCount "68"]
[EventDate "2009.04.15"]
[EventType "swiss"]
[EventRounds "9"]
[EventCountry "AUS"]
[SourceTitle "CBM 129 Extra"]
[Source "ChessBase"]
[SourceDate "2009.05.05"]
[SourceVersion "2"]
[SourceVersionDate "2009.05.20"]
[SourceQuality "1"]

1. d4 Nf6 2. c4 e6 3. Nc3 Bb4 4. Qc2 d5 5. e3 c5 6. a3 Bxc3+ 7. bxc3 0-0 8. Nf3 b6 9. cxd5 exd5 10. Ne5 Qc7 11. Bd3 Nc6 12. f4 Bb7 13. 0-0 Rac8 14. Bf5 Rcd8 15. Bd2 Ne7 16. Bd3 c4 17. Be2 Bc8 18. g4 Ne4 19. Be1 f6 20. Nxc4 Bxg4 21. Bxg4 Qxc4 22. Be6+ Kh8 23. Bh3 Nc8 24. Rf3 Ncd6 25. a4 f5 26. Bf1 Qc7 27. Ba6 Rf6 28. Rh3 Rg6+ 29. Kh1 Nc4 30. Rd1 Rdd6 31. Qe2 Rg4 32. Bxc4 dxc4 33. Qf3 Qc6 34. Rh5 Ng3+ 0-1

[Event "Sydney op-A"]
[Site "Parramatta"]
[Date "2008.03.29"]
[Round "9"]
[White "Davis, Tony J"]
[Black "Rachmadi, Herman"]
[Result "0-1"]
[WhiteElo "1975"]
[BlackElo "1836"]
[PlyCount "86"]
[EventDate "2008.03.25"]
[EventType "swiss"]
[EventRounds "9"]
[EventCountry "AUS"]
[SourceTitle "EXT 2023"]
[Source "ChessBase"]
[SourceDate "2022.10.05"]
[SourceVersion "1"]
[SourceVersionDate "2022.10.05"]
[SourceQuality "1"]

1. d4 Nf6 2. Nc3 g6 3. Bg5 Bg7 4. Qd2 d5 5. Bh6 0-0 6. Bxg7 Kxg7 7. e3 Ne4 8. Nxe4 dxe4 9. f3 exf3 10. Nxf3 Bf5 11. Bc4 Qd6 12. 0-0 h6 13. Rae1 Be4 14. d5 Nd7 15. Qd4+ Nf6 16. Nd2 Bxc2 17. b3 Bf5 18. g4 Bd7 19. Ne4 Qb6 20. Nc5 Bxg4 21. Rf4 Bh3 22. e4 Kh7 23. e5 Nh5 24. Rh4 Bf5 25. Rf1 Ng7 26. Rhf4 Rad8 27. Rd1 Ne6 28. Nxe6 fxe6 29. Qxb6 axb6 30. Rfd4 exd5 31. Bxd5 e6 32. Bxb7 Rxd4 33. Rxd4 Rf7 34. Bc6 g5 35. a4 Bh3 36. Rd1 h5 37. b4 Rf4 38. b5 Rxa4 39. Rd7+ Kg6 40. Rxc7 Rf4 41. Be8+ Kf5 42. Rc1 h4 43. Re1 Rg4+ 0-1

[Event "Sydney op-A"]
[Site "Parramatta"]
[Date "2008.03.27"]
[Round "4"]
[White "Morris, James"]
[Black "Rachmadi, Herman"]
[Result "0-1"]
[WhiteElo "2096"]
[BlackElo "1836"]
[PlyCount "50"]
[EventDate "2008.03.25"]
[EventType "swiss"]
[EventRounds "9"]
[EventCountry "AUS"]
[SourceTitle "EXT 2023"]
[Source "ChessBase"]
[SourceDate "2022.10.05"]
[SourceVersion "1"]
[SourceVersionDate "2022.10.05"]
[SourceQuality "1"]

1. c4 Nf6 2. Nc3 g6 3. e4 d6 4. d4 Bg7 5. Nf3 0-0 6. Be2 e5 7. 0-0 Nc6 8. d5 Ne7 9. b4 Nd7 10. Ne1 f5 11. f3 f4 12. Nd3 Nf6 13. c5 g5 14. Qb3 Ng6 15. Ba3 g4 16. cxd6 cxd6 17. b5 Rf7 18. b6 axb6 19. Nb5 Bf8 20. Nb2 g3 21. h3 Bxh3 22. gxh3 Qd7 23. Bd3 Qxh3 24. Qc2 Nh4 25. Qe2 g2 0-1

[Event "AUS-ch Major"]
[Site "Parramatta"]
[Date "2008.01.03"]
[Round "3"]
[White "Tulevski, Vasil"]
[Black "Rachmadi, Herman"]
[Result "1/2-1/2"]
[WhiteElo "1837"]
[BlackElo "1674"]
[PlyCount "159"]
[EventDate "2008.01.02"]
[EventType "swiss"]
[EventRounds "11"]
[EventCountry "AUS"]
[SourceTitle "EXT 2010"]
[Source "ChessBase"]
[SourceDate "2010.11.25"]
[SourceVersion "1"]
[SourceVersionDate "2010.11.25"]
[SourceQuality "1"]

1. d4 d5 2. c4 dxc4 3. Nf3 e6 4. Nc3 Nf6 5. e3 Be7 6. Bxc4 0-0 7. 0-0 Nbd7 8. Qe2 a6 9. Rd1 b5 10. Bb3 Bb7 11. Bc2 c5 12. dxc5 Bxc5 13. Ne5 Qc7 14. Nxd7 Nxd7 15. Ne4 Be7 16. Ng3 Nf6 17. b3 Rac8 18. Bd3 Qe5 19. Bb2 Qg5 20. Rac1 h5 21. Bxf6 Bxf6 22. Qxh5 Qxh5 23. Nxh5 Bb2 24. Rxc8 Rxc8 25. Ng3 Kf8 26. f3 Ke7 27. Kf2 Rh8 28. h3 Rd8 29. Ke2 f6 30. Be4 Rxd1 31. Kxd1 Bc8 32. Kc2 Be5 33. Ne2 f5 34. Ba8 b4 35. Bc6 Kd6 36. Ba8 Kc5 37. f4 Bf6 38. g4 fxg4 39. hxg4 Bd7 40. Ng3 Be7 41. Be4 a5 42. Ba8 Kb5 43. Kd3 a4 44. Be4 axb3 45. axb3 Kc5 46. Ba8 Bb5+ 47. Kd2 Kb6 48. g5 Bd7 49. Be4 Kc7 50. Nh5 Bf8 51. Ng3 Be7 52. Bd3 Kd6 53. Ke2 Bc6 54. Be4 Bd5 55. Bxd5 Kxd5 56. Kd3 e5 57. Ne4 exf4 58. exf4 Bd8 59. Ng3 Bc7 60. Nh5 g6 61. Nf6+ Ke6 62. Ke4 Bd6 63. Ng4 Kf7 64. Ne5+ Kg7 65. Kd5 Be7 66. Nc6 Bf8 67. Nd4 Kf7 68. Nc6 Kg7 69. Ke6 Bc5 70. Nd8 Be3 71. Kd5 Bd2 72. Ke4 Kf8 73. Ne6+ Kf7 74. Nd4 Bc3 75. Ne2 Bg7 76. f5 gxf5+ 77. Kxf5 Bc3 78. g6+ Kg7 79. Nf4 Bb2 80. Nd3 1/2-1/2

[Event "Sydney op"]
[Site "Parramatta"]
[Date "2007.04.14"]
[Round "8"]
[White "Gearing, Michael"]
[Black "Rachmadi, Herman"]
[Result "1-0"]
[WhiteElo "1661"]
[BlackElo "1862"]
[PlyCount "103"]
[EventDate "2007.04.10"]
[EventType "swiss"]
[EventRounds "9"]
[EventCountry "AUS"]
[SourceTitle "EXT 2023"]
[Source "ChessBase"]
[SourceDate "2022.10.05"]
[SourceVersion "1"]
[SourceVersionDate "2022.10.05"]
[SourceQuality "1"]

1. e4 c5 2. Nc3 e5 3. g3 Nc6 4. Bg2 a6 5. d3 d6 6. f4 Nf6 7. Nf3 Be7 8. 0-0 0-0 9. f5 b5 10. h3 Bb7 11. g4 Qc7 12. g5 Ne8 13. Nh2 Qd8 14. Qh5 Nd4 15. Rf2 Qd7 16. Qg4 f6 17. h4 b4 18. Nd1 Nc7 19. Ne3 Rac8 20. g6 h6 21. c3 Ndb5 22. Qd1 Kh8 23. c4 Nd4 24. Neg4 Rfd8 25. Nf1 Qe8 26. Ng3 Qg8 27. Be3 Bf8 28. Qd2 Ne8 29. Nh5 Rc7 30. Kh2 Re7 31. Rg1 Rc8 32. b3 Nc6 33. Bh1 Nb8 34. Bxh6 Nd7 35. Be3 a5 36. Ng3 Nb8 37. Qd1 Qh7 38. gxh7 Kxh7 39. Nf1 Rcc7 40. h5 Rf7 41. Qf3 Nd7 42. Rg3 Be7 43. h6 gxh6 44. Nxh6 Rg7 45. Rfg2 Bf8 46. Qh5 Nb6 47. Qxe8 Rc8 48. Qh5 Rcc7 49. Rxg7+ Bxg7 50. Qg6+ Kh8 51. Nf7+ Kg8 52. Qxg7# 1-0

[Event "Sydney Surrey Hills op"]
[Site "Surrey Hills"]
[Date "2006.04.02"]
[Round "7"]
[White "Rosario, Amiel"]
[Black "Rachmadi, Herman"]
[Result "1-0"]
[WhiteElo "1645"]
[BlackElo "1827"]
[PlyCount "89"]
[EventDate "2006.02.19"]
[EventType "swiss"]
[EventRounds "9"]
[EventCountry "AUS"]
[SourceTitle "EXT 2008"]
[Source "ChessBase"]
[SourceDate "2007.11.25"]
[SourceVersion "1"]
[SourceVersionDate "2007.11.25"]
[SourceQuality "1"]

1. d4 d5 2. c4 c6 3. Nc3 Nf6 4. Nf3 dxc4 5. a4 a6 6. e3 Bg4 7. Bxc4 e6 8. 0-0 Be7 9. h3 Bh5 10. Qe2 0-0 11. g4 Bg6 12. Ne5 Nbd7 13. Nxg6 hxg6 14. e4 b5 15. axb5 axb5 16. Rxa8 Qxa8 17. Bb3 Rd8 18. Bg5 e5 19. Bxf6 Bxf6 20. d5 Nc5 21. Bc2 b4 22. Nb1 cxd5 23. Qb5 Nxe4 24. Bxe4 dxe4 25. Qxb4 Rd3 26. Nc3 Rxh3 27. Nxe4 Bg5 28. Kg2 Rd3 29. f3 Bf4 30. Qc4 Qd8 31. Rf2 Rd1 32. Rf1 Rd4 33. Qb3 Rd3 34. Qc4 Be3 35. Re1 Bd2 36. Ra1 Rd4 37. Qc6 Kh7 38. Rh1+ Kg8 39. Ra1 Ba5 40. Rh1 Rb4 41. Qc2 Qb8 42. Rb1 Bb6 43. Nf2 Bd4 44. Nd1 Qb7 45. Nc3 1-0